000 00682nam a2200193 i 4500
001 71150
003 ES-MaACL
005 20250918063028.0
007 t|
008 040805s1970 sp ||||1| spa d
100 1 _aGaulle, Charles de,
_d1890-1970
_956005
245 1 0 _aMemorias de guerra
_b: (1940-1946) /
_cCharles de Gaulle ; [traducción de J.J. Permanyer, Julio Gómez de la Serna].
260 _aBarcelona :
_bLuis de Caralt,
_c[1970]
300 _a3 v. ;
_c18 cm.
700 1 _aGómez de la Serna, Julio,
_d1895-1983
_957899
700 1 _aPermanyer y Ayats, Juan José (
_d1848-1919)
_9131031
852 _aES-MaACL
_jC-44342-44
_bR.75762
999 _c71150
_d71150